Legislación social obrera chilena: recopilación de leyes y disposiciones vigentes sobre el trabajo y la previsión social

Uloženo v:
Podrobná bibliografie
Hlavní autoři: Poblete Troncoso, Moisés (autor), Alvarez Andrews, Oscar (Autor)
Médium: Kniha
Jazyk:španělština
Vydáno: Santiago Santiago 1924
Témata:
Tagy: Přidat tag
Žádné tagy, Buďte první, kdo vytvoří štítek k tomuto záznamu!

MARC

LEADER 00000nam a2200000 a 4500
001 UCR4165
003 CL-VaPUC
008 980307e19240000CL |||||||||||||||||spa|d
082 0 4 |a 344.02  |b POB  |2 21 
100 |a Poblete Troncoso, Moisés  |e autor  |9 605356 
700 0 |a Alvarez Andrews, Oscar  |e author  |9 403862 
245 1 0 |a Legislación social obrera chilena: recopilación de leyes y disposiciones vigentes sobre el trabajo y la previsión social 
300 |a 478 p 
942 |c BK 
945 |d 19980307 00:00:00  |a cmena 
260 |a Santiago  |b Santiago  |c 1924 
650 0 |a Seguridad social  |9 255322 
650 7 |a DERECHO LABORAL  |2 CL-VaPUC  |9 15 
650 0 |a Condiciones sociales   |9 257278 
650 0 |a Política y gobierno  |9 255151 
650 0 |a Política social  |9 257588 
650 7 |a SEGUROS  |2 CL-VaPUC  |9 403863 
650 0 |a Bienestar social   |9 255298 
651 7 |a CHILE  |2 CL-VaPUC  |9 403864 
583 |a last modification  |c 20170720 04:17:40  |k Rodrigo Vera 
999 |c 267116  |d 267114 
952 |0 0  |1 0  |4 0  |6 344_020000000000000_POB_1924  |7 0  |8 X  |9 299297  |a BIBDER  |b BIBDER  |d 2019-11-20  |i 1958208  |o 344.02 POB 1924  |p 1958208  |r 2023-01-25  |w 2019-11-20  |y BK_X  |k DER